The Achievement of Tiglath-Pileser III: Novelty or Continuity?

Saved in:  
Bibliographic Details
Main Author: Garelli, Paul 1924-2006 (Author)
Format: Print Article
Language:English
Check availability: HBZ Gateway
Interlibrary Loan:Interlibrary Loan for the Fachinformationsdienste (Specialized Information Services in Germany)
Published: 1991
In: Ah, Assyria ...
Year: 1991, Pages: 46-51
Standardized Subjects / Keyword chains:B Assyria / History 1700 BC-637 BC
RelBib Classification:TC Pre-Christian history ; Ancient Near East

MARC

LEADER 00000caa a22000002c 4500
001 158875586X
003 DE-627
005 20241210152915.0
007 tu
008 190311s1991 xx ||||| 00| ||eng c
035 |a (DE-627)158875586X 
035 |a (DE-576)51875586X 
035 |a (DE-599)BSZ51875586X 
040 |a DE-627  |b ger  |c DE-627  |e rakwb 
041 |a eng 
084 |a 1  |2 ssgn 
100 1 |0 (DE-588)119101033  |0 (DE-627)079893953  |0 (DE-576)161062229  |4 aut  |a Garelli, Paul  |d 1924-2006 
109 |a Garelli, Paul 1924-2006 
245 1 4 |a The Achievement of Tiglath-Pileser III: Novelty or Continuity? 
264 1 |c 1991 
336 |a Text  |b txt  |2 rdacontent 
337 |a ohne Hilfsmittel zu benutzen  |b n  |2 rdamedia 
338 |a Band  |b nc  |2 rdacarrier 
652 |a TC 
689 0 0 |d g  |0 (DE-588)4003285-1  |0 (DE-627)10639004X  |0 (DE-576)208851011  |2 gnd  |a Assyrien 
689 0 1 |q z  |2 gnd  |a Geschichte v1700-v637 
689 0 |5 (DE-627) 
773 0 8 |i In  |t Ah, Assyria ...  |d Jerusalem : Magnes Press, Hebrew Univ., 1991  |g (1991), Seite 46-51  |h 347 S.  |w (DE-627)1094710172  |w (DE-576)024710172  |7 nnam 
773 1 8 |g year:1991  |g pages:46-51 
935 |a BIIN 
951 |a AR 
BIB |a 1 
ELC |b 1 
ITA |a 1  |t 1 
LOK |0 000 xxxxxcx a22 zn 4500 
LOK |0 001 3058307861 
LOK |0 003 DE-627 
LOK |0 004 158875586X 
LOK |0 005 20190311183454 
LOK |0 008 190311||||||||||||||||ger||||||| 
LOK |0 035   |a (DE-Tue135-1)36672 
LOK |0 040   |a DE-Tue135-1  |c DE-627  |d DE-Tue135-1 
LOK |0 852   |a DE-Tue135-1 
LOK |0 852 1  |c AT10971/GIP  |m p  |9 00 
LOK |0 852 2  |b F 61  |9 00 
LOK |0 935   |a iFSA 
LOK |0 936ln  |0 1442053569  |a TC 
LOK |0 938   |k p 
LOK |0 939   |a 11-03-19  |b l12 
ORI |a SA-MARC-ixtheoa001.raw 
REL |a 1 
STA 0 0 |a Assyria 
SUB |a BIB  |a REL 
SYG 0 0 |a Assyrisches Reich,Reich Assur 
TIM |a 099983000101_099993631231  |b Geschichte v1700-v637